LEADER 00692nam0-2200241 --450 001 9910269259903321 005 20180604112925.0 010 $a9780230619210$bhbk 100 $a20180604d2010----kmuy0itay5050 ba 101 $aeng 102 $aUS 105 $a 001yy 200 1 $aPromises and limits of Web-deliberation$fRaphae?l Kies 210 $aNew York$cPalgrave Macmillan$d2010 215 $aXII, 188 p.$cill.$d22 cm. 700 1$aKies,$bRaphael$0750155 801 0$aIT$bUNINA$gREICAT$2UNIMARC 901 $aBK 912 $a9910269259903321 952 $aIX C 142$b279 cos $f DDCIC 959 $aDDCIC 996 $aPromises and limits of Web-deliberation$91509558 997 $aUNINA LEADER 01519nam 2200373 n 450 001 996392551503316 005 20221108000003.0 035 $a(CKB)4940000000111196 035 $a(EEBO)2240961583 035 $a(UnM)99868311 035 $a(EXLCZ)994940000000111196 100 $a19940616d1656 uy | 101 0 $aeng 135 $aurbn||||a|bb| 200 10$aClamor sanguinis martyrum, or The bloody inquisition of Spain$b[electronic resource] $eWherein is unfolded the prodigious and unparalell'd cruelties of the bloody-minded Spaniard, against the Protestants. Humbly presented to the serious consideration of all Protestant princes and states. /$fBy a friend to the Protestant interest 210 $aLondon, $cPrinted by A.M. for Fr. Tyton at the three Daggers in Fleet street.$d1656 215 $a[52], 223, [1] p 300 $aAnnotation on Thomason copy: "July. 8". 300 $aReproduction of the original in the British Library. 330 $aeebo-0018 606 $aProtestants$zSpain$vEarly works to 1800 606 $aInquisition$zSpain$vEarly works to 1800 607 $aSpain$xHistory$yPhillip II, 1556-1598$vEarly works to 1800 615 0$aProtestants 615 0$aInquisition 700 $aFriend to the Protestant Interest$01017740 801 0$bCu-RivES 801 1$bCu-RivES 801 2$bCStRLIN 801 2$bWaOLN 906 $aBOOK 912 $a996392551503316 996 $aClamor sanguinis martyrum, or The bloody inquisition of Spain$92389266 997 $aUNISA